| 000 | 01559nam a2200229Ia 4500 | ||
|---|---|---|---|
| 003 | Ost | ||
| 005 | 20260507075735.0 | ||
| 008 | 260507s9999||||xx |||||||||||||| ||und|| | ||
| 020 | _a9960245519 | ||
| 040 | _cfsecg | ||
| 041 | _aara | ||
| 082 | _a658.4 | ||
| 100 |
_aوليمز، الان _eمؤلف |
||
| 245 | 0 |
_aإدارة التغيير بنجاح : _bاستخدام النظرية والخبرة في تنفيذ التغيير / _c الان وليمز |
|
| 260 |
_aالرياض: _bدار المريخ للنشر, _c2004 |
||
| 300 |
_a459 صفحة؛ _bإيضاحات ؛ _c24 سم |
||
| 504 | _aببلوغرافيا: ص.455 | ||
| 520 | _aالتعلم-والنماذج الذهنية-والحالات التاريخية-التغيير التنظيمي الأساسي-تطوير توجه التسويق-تقليل الحجم-والاستعانة بالمصادر الخارجية-إعادة تنظيم خدمات الدعم-دمج التنظيمات-تكامل تقنية المعلومات في الأعمال-التغيير غير المخطط في وكالة ابحاث السوق-تطوير نموذج شخصي لتنفيذ التغيير-كفاءات الإدارة الحرجة-تبصرات من خلال النظرية:اكتساب التعاون-تبصرات من خلال النظرية:إدارة الإجهاد-تعليقات نهائية:تطوير القيادة الفعالة في تنفيذ التغيير | ||
| 653 | _aالتنمية الادارية | ||
| 700 |
_aسالي، وودوارد _eمؤلف ثانوي |
||
| 942 | _cكتاب | ||
| 999 |
_c46075 _d46075 |
||